02151 2200433 4500035002000000001002100020005001700041006001900058007000300077008004100080856016600121020002300287040002700310082002100337084001900358100002900377245008900406250002100495250002200516264005200538300004600590336002400636337003300660338002600693504003300719520070600752650002301458650002401481700003101505850001301536990002101549990002101570990002101591990002101612990002101633990002101654990002101675990002101696 a0010-0122001118INLIS00000000089370820211012124143.0aa g 000 0 ta190626s2018 yoia g 000 0 ind  x http://opac.perpusnas.go.id/uploaded_files/sampul_koleksi/original/Monograf/1162046.JPG?rnd=1217596328y http://opac.perpusnas.go.id/DetailOpac.aspx?id=1162046  a 978-602-51556-2-8 a JKPNPNA b ind e rda042 [23]a 635.642  a 635.642 ALZ p0 a Alzena Resti e penulis10a Panduan praktis budidaya tomat & wortel / c Alzena Resti ; penyunting, Nur Iswarso a Cetakan I, 2018 a Cetakan II, 2020 1a Yogyakarta : b Hijaz Pustaka Mandiri, c 2018 a iv, 96 halaman : b ilustrasi ; c 21 cm 2 rdacontenta teks  2 rdamediaa tanpa perantara  2 rdacarriera volume  a Bibliografi : halaman 94-95 a Tomat dan wortel telah menjadi kebutuhan pokok bagi rakyat Indonesia. Banyak masakan Indonesia yang menggunakan bahan baku tomat atau wortel. Selain lezat, tomat dan wortel mengandung nilai gizi yang tinggi, memberi peluang bagi banyak orang untuk membudidayakan dua tanaman ini. Buku panduan praktis budidaya tomat dan wortel ini akan memberikan penjelasan kepada anda tentang bagaimana menanam dan merawat sekaligus memanen tomat dan wortel dengan mudah dan sukses. Ditulis dengan bahasa yang mudah dan gambling, dilengkapi dengan ilustrasi foto, buku ini akan menjadi pemandu anda dalam mengembangkan budidaya dua tanaman sayuran ini. Nah, segera temukan rahasia suskesnya dan reguk keuntungannya! 4a Tomat x Budidaya 4a Wortel x Budidaya0 a Nur Iswarso e penyunting a JKPNPNA a 201900103043461 a 201900103043464 a 201900103043463 a 201900103043462 a 202100103016820 a 202100103016819 a 202100103016818 a 202100103016817